Capitals Without the Letters of “Moroni” - Statistics

General Stats
  • This quiz has been taken 8 times
  • The average score is 8 of 12
Answer Stats
Continents Capitals % Correct
Asia Baku
88%
Africa Abuja
75%
Oceania Suva
75%
Asia Baghdad
63%
Europe Budapest
63%
Asia Dhaka
63%
Asia Kabul
63%
Africa Lusaka
63%
Europe Vaduz
63%
Asia Ashgabat
50%
Africa Juba
50%
Europe Valletta
50%
No matching quizzes found
Score Distribution
Percent of People with Each Score
Percentile by Number Answered
Your Score History
You have not taken this quiz